000 00546nam a2200205Ia 4500
005 20250923144717.0
008 008 250917s9999 xx 000 0 eng d
037 _aTextual
040 _aDSWL
_beng
_cDSWL
041 _aeng
_2eng
084 _qDSWL
100 _aWhyte, William Joot
_9827619
245 0 _aStreet Corner society
_cby William Joot Whyte
260 _aChicago
_b University of Chicago Press
_c1955
300 _axxii,366p.
365 _aUSD
_b5
925 _g5
942 _cTEXL
999 _c1442366
_d1442366